000 00294nam a22001457a 4500
008 210429b ||||| |||| 00| 0 eng d
020 _a9780812928471
041 _aeng
080 _a37
082 _a37
100 _a46
101 _aEDU
245 _aBooknotes
_cLamb,B
942 _2udc
_cBK
999 _c56969
_d56969